00808nam a2200181Ia 4500003000900000005001700009008004100026040003100067040001300098041000800111100002800119245013700147250000600284260001900290300001700309300000900326520029100335IT-RoPAU20220918175932.0120407s9999 xx 000 0 und d aIT-RoPAUc20131203164219.0 cIT-RoPAU aita aLamera Stefano Atanasio aRicordati Signore dei nostri padri. bLettura spirituale della genealogia carismatica e dei modelli di vita della Famiglia Paolina.  aI aS.l.bEPcS.d. a93 p.c20 cm bill. aIndice Introduzione Don Giacomo Alberione - Cenni biografici Beato Giaccardo - Cenni biografici Can. Francesco Chiesa - Cenni biografici Maggiorino Vigolungo - Cenni biografici Fratel Andrea Borello - Cenni biografici Suor Tecla Merlo - Cenni biografici "Io sono con voi" - Conclusione